Normal view
MARC view
- Turbomachines
Entry Topical Term
001 - CONTROL NUMBER
- control field: 19107
003 - CONTROL NUMBER IDENTIFIER
- control field: NUST
005 - DATE AND TIME OF LATEST TRANSACTION
- control field: 20190806054130.0
008 - FIXED-LENGTH DATA ELEMENTS
- fixed length control field: 190806|| aca||aabn | a|a d
040 ## - CATALOGING SOURCE
- Original cataloging agency: NUST
- Transcribing agency: NUST
150 ## - HEADING--TOPICAL TERM
- Topical term or geographic name entry element: Turbomachines
- General subdivision: Fluid dynamics.
670 ## - SOURCE DATA FOUND
- Source citation: Work cat.: (NUST)0: Dixon, S. L. (Sydney Lawrence) 19106, FLUID MECHANICS AND THERMODYNAMICS OF TURBOMACHINERY /, 2018.
